U.S. Geography by Letter - U - Statistics

General Stats
  • This quiz has been taken 109 times
  • The average score is 5 of 12
Answer Stats
Hint Answer % Correct
"The Beehive State" Utah
97%
10th-most populous city in New York state, at the foot of the Adirondack Mountains Utica
76%
Theme park in California featuring Jurassic World and Harry Potter Universal Studios
70%
Official motto of the state of Vermont, "Freedom and _____" Unity
66%
Neighboring city of Champaign, Illinois Urbana
52%
City in San Bernardino County, California, that is on the land "up" above Anaheim Upland
28%
New Jersey city called the "Havana on the Hudson" and known for its history with burlesque performances Union City
26%
Historic railway that is now a transportation hub in Washington D.C Union Station
25%
River in Oregon, named after a Native American tribe Umatilla
7%
Another river in Oregon, named after a Native American tribe Umpqua
7%
Highest summit of the San Juan Mountains in Colorado Uncompahgre Peak
4%
Largest of Alaska's Aleutian Islands that start with this letter, and 9th largest island in the U.S. Unimak
2%
No matching quizzes found
Score Distribution
Percent of People with Each Score
Percentile by Number Answered
Your Score History
You have not taken this quiz